[Event "GRE-ch Online Blitz op 1st"]
[Site "Tornelo INT"]
[Date "2021.02.07"]
[Round "15"]
[White "Lagaras, Stylianos"]
[Black "Vaidanis, Ektor"]
[Result "1-0"]
[WhiteElo "1550"]
[BlackElo "1176"]
[PlyCount "43"]
[EventDate "2021.02.07"]
[EventType "swiss (blitz)"]
[EventRounds "16"]
[EventCountry "GRE"]
[SourceTitle "EXT 2023"]
[Source "ChessBase"]
[SourceDate "2022.10.05"]
[SourceVersion "1"]
[SourceVersionDate "2022.10.05"]
[SourceQuality "1"]

1. e4 c5 2. Nf3 e6 3. d4 cxd4 4. Nxd4 a6 5. Bd3 Qc7 6. Nc3 Bc5 7. Nb3 Be7 8. Qg4 Bf6 9. Bf4 d6 10. 0-0 Ne7 11. Rad1 0-0 12. Bg3 Nbc6 13. f4 e5 14. f5 b5 15. Bf2 Bb7 16. Bxb5 Nd4 17. Bd3 Nec6 18. Nd5 Qd8 19. c3 Nb5 20. Bb6 Qe7 21. Nxe7+ Bxe7 22. f6 1-0

[Event "GRE-ch Online Blitz op 1st"]
[Site "Tornelo INT"]
[Date "2021.02.07"]
[Round "3"]
[White "Vaidanis, Ektor"]
[Black "Alexiou, Dimitra"]
[Result "1-0"]
[WhiteElo "1176"]
[BlackElo "1605"]
[PlyCount "117"]
[EventDate "2021.02.07"]
[EventType "swiss (blitz)"]
[EventRounds "16"]
[EventCountry "GRE"]
[SourceTitle "EXT 2023"]
[Source "ChessBase"]
[SourceDate "2022.10.05"]
[SourceVersion "1"]
[SourceVersionDate "2022.10.05"]
[SourceQuality "1"]

1. e4 e6 2. d4 b6 3. Nc3 Bb7 4. Bd3 Bb4 5. Bd2 Nf6 6. f3 0-0 7. a3 Bxc3 8. Bxc3 d6 9. b4 Nbd7 10. Ne2 c5 11. bxc5 dxc5 12. 0-0 cxd4 13. Bxd4 Rc8 14. Rc1 Nc5 15. Bf2 Nxd3 16. Qxd3 Qe7 17. Rfd1 Rfd8 18. Qb3 Ba6 19. Nf4 Qc7 20. Nd3 Bxd3 21. Rxd3 Rxd3 22. Qxd3 Rd8 23. Qe2 Qc3 24. Bh4 Qxa3 25. Rd1 Qc5+ 26. Bf2 Qc7 27. h3 h6 28. Rd2 Rc8 29. Be3 Qc3 30. Bf4 Qa1+ 31. Rd1 Qb2 32. Rd2 Qc1+ 33. Kh2 Qb2 34. e5 Ne8 35. Be3 Nc7 36. c4 Qb4 37. Bf2 a6 38. Rb2 Qa5 39. Bxb6 Qa4 40. Rd2 Qc6 41. Bxc7 Qxc7 42. Rc2 Kh8 43. f4 Kg8 44. Qd3 Kh8 45. g3 Qc6 46. h4 Rb8 47. Kh3 Rb1 48. Rh2 Rb6 49. Qd8+ Kh7 50. Qd3+ g6 51. Rd2 Kg7 52. h5 Qh1+ 53. Rh2 Qc6 54. hxg6 fxg6 55. Kg4 Qa4 56. Rd2 Qa1 57. Qd7+ Kf8 58. Qd8+ Kf7 59. Rd7# 1-0

[Event "GRE-ch Online Rapid op 1st"]
[Site "Tornelo INT"]
[Date "2021.02.06"]
[Round "6"]
[White "Sampsonoglou, Dimitrios"]
[Black "Vaidanis, Ektor"]
[Result "1-0"]
[WhiteElo "1320"]
[BlackElo "1176"]
[PlyCount "151"]
[EventDate "2021.02.06"]
[EventType "swiss (rapid)"]
[EventRounds "8"]
[EventCountry "GRE"]
[SourceTitle "EXT 2023"]
[Source "ChessBase"]
[SourceDate "2022.10.05"]
[SourceVersion "1"]
[SourceVersionDate "2022.10.05"]
[SourceQuality "1"]

1. e4 c5 2. Nf3 d6 3. d4 cxd4 4. Nxd4 Nf6 5. Nc3 a6 6. Bd3 e6 7. 0-0 Be7 8. Bg5 h6 9. Bh4 0-0 10. Nf3 b5 11. a3 Nbd7 12. Re1 Bb7 13. e5 Nd5 14. Bxe7 Qxe7 15. Nxd5 Bxd5 16. exd6 Qxd6 17. Be4 Nf6 18. Bxd5 Qxd5 19. Qxd5 Nxd5 20. Ne5 Rac8 21. c3 Nb6 22. Red1 Rfd8 23. Rxd8+ Rxd8 24. Nc6 Rd2 25. Rb1 Na4 26. Nb4 Nxb2 27. Nxa6 Nc4 28. h3 Nxa3 29. Rb3 Nc4 30. Rxb5 Kf8 31. Rc5 Nd6 32. Rc6 Ke7 33. Nc5 Rd1+ 34. Kh2 Kf6 35. Kg3 g5 36. Kf3 Nf5 37. Ne4+ Ke7 38. Rc7+ Rd7 39. Rxd7+ Kxd7 40. Ke2 Ne7 41. Kd3 f5 42. Nc5+ Kd6 43. Nb7+ Kc6 44. Na5+ Kb5 45. Nb7 Kb6 46. Nd8 e5 47. Nf7 e4+ 48. Kd4 Kc6 49. Nxh6 Kd6 50. Nf7+ Ke6 51. Nxg5+ Kf6 52. h4 Ng6 53. g3 f4 54. Kxe4 fxg3 55. fxg3 Ne5 56. Nh7+ Ke6 57. Nf8+ Kf6 58. h5 Ng4 59. Nd7+ Ke6 60. Nc5+ Kd6 61. Kf4 Nh6 62. Ne4+ Ke6 63. Kg5 Nf7+ 64. Kg6 Ne5+ 65. Kg5 Nf7+ 66. Kf4 Nh6 67. Ng5+ Kf6 68. c4 Ng8 69. c5 Ne7 70. Ne4+ Ke6 71. h6 Kd5 72. h7 Ng6+ 73. Kg5 Nh8 74. Nf6+ Kxc5 75. Kh6 Kd6 76. Kg7 1-0

[Event "GRE-ch Online Rapid op 1st"]
[Site "Tornelo INT"]
[Date "2021.02.06"]
[Round "3"]
[White "Vaidanis, Ektor"]
[Black "Skiadopoulos, Nikolaos"]
[Result "0-1"]
[WhiteElo "1176"]
[BlackElo "1933"]
[PlyCount "86"]
[EventDate "2021.02.06"]
[EventType "swiss (rapid)"]
[EventRounds "8"]
[EventCountry "GRE"]
[SourceTitle "EXT 2023"]
[Source "ChessBase"]
[SourceDate "2022.10.05"]
[SourceVersion "1"]
[SourceVersionDate "2022.10.05"]
[SourceQuality "1"]

1. e4 c5 2. Nf3 Nc6 3. d4 cxd4 4. Nxd4 e5 5. Nb5 d6 6. N5a3 Nf6 7. Nc3 Be6 8. Be3 d5 9. exd5 Bxa3 10. dxe6 Bxb2 11. exf7+ Kxf7 12. Bc4+ Kg6 13. Ne2 Bxa1 14. Qxa1 Qa5+ 15. Bd2 Qc5 16. Qc3 Ne4 17. Bd3 Qxf2+ 18. Kd1 Qf5 19. Kc1 Nxc3 20. Bxf5+ Kxf5 21. Ng3+ Ke6 22. Bxc3 Rad8 23. Re1 h6 24. h4 Rhf8 25. Re2 b6 26. Kb2 Rf4 27. Ne4 Rxh4 28. g3 Rg4 29. Be1 Nd4 30. Re3 Nf5 31. Re2 Rc8 32. Bc3 Nxg3 33. Nxg3 Rxc3 34. Kxc3 Rxg3+ 35. Kc4 g5 36. Rh2 Rg4+ 37. Kb5 Rh4 38. Rg2 e4 39. Ka6 Ke5 40. Kxa7 b5 41. Kb6 b4 42. Kc5 e3 43. Re2 Ke4 0-1